Catálogo público

Introducción a la agroindustria en la región del Bajío / (Record no. 172265)

MARC details
000 -CABECERA
campo de control de longitud fija 02546nam a2200505Ia 4500
001 - NÚMERO DE CONTROL
campo de control dia_1721
003 - IDENTIFICADOR DEL NÚMERO DE CONTROL
campo de control CHAP
005 - FECHA Y HORA DE LA ÚLTIMA TRANSACCIÓN
campo de control 20240322175428.0
007 - CAMPO FIJO DE DESCRIPCIÓN FÍSICA--INFORMACIÓN GENERAL
campo de control de longitud fija ta
008 - DATOS DE LONGITUD FIJA--INFORMACIÓN GENERAL
campo de control de longitud fija 220117s2010 mx ado fr 001 0 spa d
040 ## - FUENTE DE LA CATALOGACIÓN
Centro/agencia transcriptor CHAP
Centro catalogador/agencia de origen mxchpua
090 ## - LOCALMENTE ASIGNADO TIPO-LC NÚMERO DE CLASIFICACIÓN (OCLC); NÚMERO DE CLASIFICACIÓN LOCAL (RLIN)
Número de clasificación (OCLC) (R) ; Numero de clasificación, CALL (RLIN) (NR) T.C.525
Número cutter local (OCLC) ; Número de libro/Signatura topográfica íntegra, CALL (RLIN) S26 IA
Año 2010
245 10 - MENCIÓN DE TÍTULO
Título Introducción a la agroindustria en la región del Bajío /
Mención de responsabilidad, etc. coordinador Raúl Santiago Pinelo ; colaboradores Ahide Anaya Arvizu...[et al.]
260 ## - PUBLICACIÓN, DISTRIBUCIÓN, ETC.
Lugar de publicación, distribución, etc. México :
Nombre del editor, distribuidor, etc. El autor,
Fecha de publicación, distribución, etc. 2010
300 ## - DESCRIPCIÓN FÍSICA
Extensión cerca 200 hojas :
Otras características físicas ilustraciones, gráficas, diagramas, tablas, fotos +
Material acompañante/anejo 1 CD-ROM
336 ## - TIPO DE CONTENIDO
Fuente rdacontent
Término de tipo de contenido texto
Código de tipo de contenido txt
337 ## - TIPO DE MEDIO
Fuente rdamedia
Nombre/término del tipo de medio no mediado
Código del tipo de medio n
338 ## - TIPO DE SOPORTE
Fuente rdacarrier
Nombre/término del tipo de soporte volumen
Código del tipo de soporte nc
500 ## - NOTA GENERAL
Nota general Directorio dentro del reporte --<br/>Grado 4° Grupo 3
502 ## - NOTA DE TESIS
Nota de tesis Viaje de Estudios
Tipo de título (IA) --
Nombre de la institución que otorga el título UACh. Departamento de Ingeniería Agroindustrial,
Año de obtención del título 2010
505 ## - NOTA DE CONTENIDO CON FORMATO
Nota de contenido con formato Empresas visitadas:
Título 1. Casa de vinos La Redonda -- <br/>2. Nueva Tecnología de Alimentos, S. A. de C. V. (NUTEC) -- <br/>3. Cristalita, S. A. de C. V. -- <br/>4. GAMESA-Quaker, S. A. de C. V. -- <br/>5. Congeladora Niño -- <br/>6. Bimbo -- <br/>7. Empacadora Bonna Carne, S. A. de C. V. -- <br/>8. Ingenio Pedernales, S. A. de C. V. -- <br/>9. Industria de lácteos San Martín, S. A. de C. V. -- <br/>10. Café Nogueras, S. P. R. de R. L. -- <br/>11. Salinera El Abuelo, S. A. de C. V. -- <br/>12. Grupo Cuahutémoc Moctezuma -- <br/>13. Nieves Fiestas -- <br/>14. Marinela -- <br/>15. Hacienda San José del Refugio Casa de Tequila Herradura -- <br/>16. Cajeta La Tradicional
650 13 - PUNTO DE ACCESO ADICIONAL DE MATERIA--TÉRMINO DE MATERIA
Término de materia o nombre geográfico como elemento de entrada Industria azucarera
9 (RLIN) 57780
650 1# - PUNTO DE ACCESO ADICIONAL DE MATERIA--TÉRMINO DE MATERIA
Término de materia o nombre geográfico como elemento de entrada Industria cervecera
9 (RLIN) 57799
650 13 - PUNTO DE ACCESO ADICIONAL DE MATERIA--TÉRMINO DE MATERIA
Término de materia o nombre geográfico como elemento de entrada Industria de productos agrícolas
9 (RLIN) 151277
650 13 - PUNTO DE ACCESO ADICIONAL DE MATERIA--TÉRMINO DE MATERIA
Término de materia o nombre geográfico como elemento de entrada Industria del vino
9 (RLIN) 151418
650 13 - PUNTO DE ACCESO ADICIONAL DE MATERIA--TÉRMINO DE MATERIA
Término de materia o nombre geográfico como elemento de entrada Industria lechera
9 (RLIN) 57819
650 13 - PUNTO DE ACCESO ADICIONAL DE MATERIA--TÉRMINO DE MATERIA
Término de materia o nombre geográfico como elemento de entrada Industria panadera
9 (RLIN) 147086
650 13 - PUNTO DE ACCESO ADICIONAL DE MATERIA--TÉRMINO DE MATERIA
Término de materia o nombre geográfico como elemento de entrada Plantas empacadoras de carne
9 (RLIN) 148503
650 13 - PUNTO DE ACCESO ADICIONAL DE MATERIA--TÉRMINO DE MATERIA
Término de materia o nombre geográfico como elemento de entrada Bakery industry
9 (RLIN) 147084
650 13 - PUNTO DE ACCESO ADICIONAL DE MATERIA--TÉRMINO DE MATERIA
Término de materia o nombre geográfico como elemento de entrada Brewing industry
9 (RLIN) 151423
650 13 - PUNTO DE ACCESO ADICIONAL DE MATERIA--TÉRMINO DE MATERIA
Término de materia o nombre geográfico como elemento de entrada Dairy industry
9 (RLIN) 147323
650 13 - PUNTO DE ACCESO ADICIONAL DE MATERIA--TÉRMINO DE MATERIA
Término de materia o nombre geográfico como elemento de entrada Horticultural products industry
9 (RLIN) 151276
650 13 - PUNTO DE ACCESO ADICIONAL DE MATERIA--TÉRMINO DE MATERIA
Término de materia o nombre geográfico como elemento de entrada Sugar industry
9 (RLIN) 151278
650 13 - PUNTO DE ACCESO ADICIONAL DE MATERIA--TÉRMINO DE MATERIA
Término de materia o nombre geográfico como elemento de entrada Meat packing plants
9 (RLIN) 148502
650 13 - PUNTO DE ACCESO ADICIONAL DE MATERIA--TÉRMINO DE MATERIA
Término de materia o nombre geográfico como elemento de entrada Wine industry
9 (RLIN) 151419
700 1# - PUNTO DE ACCESO ADICIONAL--NOMBRE DE PERSONA
Nombre de persona Santiago Pinelo, Raúl
9 (RLIN) 102378
Término indicativo de función/relación coordinador
700 1# - PUNTO DE ACCESO ADICIONAL--NOMBRE DE PERSONA
Nombre de persona Anaya Arvizu, Ahide
9 (RLIN) 126899
Término indicativo de función/relación colaboradora
856 42 - LOCALIZACIÓN Y ACCESO ELECTRÓNICOS
Identificador Uniforme del Recurso <a href="http://10.13.5.2/ve/TC525IA/TC525IA2010-REPORTE.pdf">http://10.13.5.2/ve/TC525IA/TC525IA2010-REPORTE.pdf</a>
Texto de enlace DESCARGAR REPORTE
942 ## - ELEMENTOS DE PUNTO DE ACCESO ADICIONAL (KOHA)
Fuente del sistema de clasificación o colocación Clasificación Universidad Autónoma de Chapingo
901 ## - ELEMENTOS DE DATOS A LOCAL LDA (RLIN)
a T.C.525 S26 IA 2010
902 ## - ELEMENTOS DE DATOS B LOCAL, LDB (RLIN)
a M
905 ## - ELEMENTOS DE DATOS E LOCAL, LDE (RLIN)
a 5232272010 mx ainl8223223322spa16
942 ## - ELEMENTOS DE PUNTO DE ACCESO ADICIONAL (KOHA)
Tipo de ítem Koha Viaje de Estudios
Holdings
Estado de retiro Estado de pérdida Fuente del sistema de clasificación o colocación Estado dañado Restricciones de uso No para préstamo Código de colección Localización permanente Ubicación/localización actual Fecha de adquisición Fuente de adquisición Total de préstamos Signatura topográfica completa Código de barras Fecha visto por última vez Número de copia Precio válido a partir de Tipo de ítem Koha Fecha del último préstamo Ubicación en estantería
    Clasificación Universidad Autónoma de Chapingo   Préstamo interno   Viajes de Estudio Ingenieria Agroindustrial Ingenieria Agroindustrial 18/01/2022 El autor   T.C.525 S26 IA 2010 1106008767 18/01/2022 Ej. 3 18/01/2022 CD    
    Clasificación Universidad Autónoma de Chapingo   Préstamo interno   Viajes de Estudio Ingenieria Agroindustrial Ingenieria Agroindustrial 18/01/2022 El autor   T.C.525 S26 IA 2010 1106008765 26/01/2026 Ej. 1 18/01/2022 Viaje de Estudios    
    Clasificación Universidad Autónoma de Chapingo   Préstamo 5 días   Viajes de Estudio Ingenieria Agroindustrial Ingenieria Agroindustrial 18/01/2022 El autor 1 T.C.525 S26 IA 2010 1106008766 26/01/2026 Ej. 2 18/01/2022 Viaje de Estudios 19/08/2022  
    Clasificación Universidad Autónoma de Chapingo       Viajes de estudio - En línea Ingenieria Agroindustrial Ingenieria Agroindustrial 22/03/2024 El autor   T.C.525 S26 IA 2010 1206008765 22/03/2024   22/03/2024 Viajes de Estudio - En línea   En línea